|
|
|
|
| LEADER |
00926nab a2200241 i 4500 |
| 001 |
misc63503 |
| 005 |
20221014114758.0 |
| 008 |
220513s1938 hu o 0|| ger d |
| 040 |
|
|
|a SZTE Miscellanea Repozitórium
|b hun
|
| 041 |
|
|
|a ger
|
| 100 |
1 |
|
|a Kowalski Tadeusz
|
| 245 |
1 |
0 |
|a K. Grönbech
|h [elektronikus dokumentum] :
|b Der türkische Sprachbau. I. Kopenhagen: Levin & Munksgaard 1936 : Buchbesprechung /
|c Kowalski Tadeusz
|
| 260 |
|
|
|a [Akademie-Verlag]
|b [Berlin]
|c 1938
|
| 300 |
|
|
|a 586-593
|c 30 cm
|
| 300 |
|
|
|a [8] h.
|c 30 cm
|
| 490 |
0 |
|
|a Deutsche Literaturzeitung für Kritik der Internationalen Wissenschaft
|
| 561 |
|
|
|a Németh Gyula hagyaték
|
| 591 |
|
|
|a NOA 2960
|
| 650 |
|
4 |
|a Bölcsészettudományok
|
| 650 |
|
4 |
|a Nyelvek és irodalom
|
| 695 |
|
|
|a Török nyelv - alaktan - könyvismertetés
|
| 700 |
0 |
1 |
|a Grönbech Kaare
|
| 856 |
4 |
0 |
|u http://misc.bibl.u-szeged.hu/63503/1/2960_noa_k85.pdf
|z Dokumentum-elérés
|